000 00640nam a22002177a 4500
999 _c2680
_d2680
003 AR-CdUCM
008 190305b ||||| |||| 00| 0 spa d
040 _aMUNICIPALIDAD PROVINCIAL DEL CUSCO
_cBIBLIOTECA MUNICIPAL DEL CUSCO
041 _hger
082 _a838.9 /
_bB71
100 _aBöll, Heinrich
_99411
245 _aCasa sin amo /
260 _aBarcelona :
_bEdit. Seix Barral,
_c1971.
300 _a344 páginas ;
_c19 cm.
650 _aNovela Alemana
_99412
650 _aSiglo XX
_98
650 _aPremio Nobel Literatura
_99413
700 _atraducción de Margarita Fontseré
_99414
942 _2ddc
_cLIBROS
945 _admma